| 000 | 00776nam a22002297a 4500 | ||
|---|---|---|---|
| 005 | 20260116121635.0 | ||
| 010 | _aENG-147511 | ||
| 020 |
_a9789367139080 _c375.00 |
||
| 035 | _aEN-131043 | ||
| 037 | _bDBAD | ||
| 082 |
_a658.3124 _21 |
||
| 100 |
_aSinha, Nishit _986496 |
||
| 245 |
_aPlacement training Companion/ _cNishit Sinha; Showick Thorpe [and] Dinesh Khattar |
||
| 250 | _a1 | ||
| 260 |
_aNoida _bPearson India Education _c2026 |
||
| 270 |
_a15th Floor, Towe-B, World Trade Tower, Plot No.1, Block-C, Sector-16 _bNoida _e201301 |
||
| 300 |
_avpp. _c25cm(pb) |
||
| 500 | _acareer Skill Development Paper III | ||
| 700 |
_aThorpe, Showick _eAuthor _986497 |
||
| 700 |
_aKhattar, Dinesh _eAuthor _986498 |
||
| 942 |
_2ddc _cEN _h658.3124` _mSIN |
||
| 999 |
_c214219 _d214219 |
||